| 000 | 02249nam2a2200301 4500 | ||
|---|---|---|---|
| 001 | RU\NLR\BIBL_A\012117525 | ||
| 005 | 20191023120857.0 | ||
| 010 |
_a978-5-7256-0909-7 _9100 |
||
| 021 |
_aRU _bКН-П-19-069093 _9КН-П-19-4981 |
||
| 035 | _a(NLR Aleph) 012117525 | ||
| 035 | _a(RuMoRGB)010093489 | ||
| 090 |
_a11975614 _c11975614 |
||
| 100 | _a20191011d2019 u y0rusy50 ca | ||
| 101 | 0 | _arus | |
| 102 | _aRU | ||
| 105 | _aa|||j|||000yy | ||
| 200 | 1 | _aАналого-цифровые устройства | |
| 210 | _d2019 | ||
| 215 |
_a227 с. _cил. |
||
| 320 | _aБиблиогр. в конце гл. | ||
| 461 | 0 |
_1001RU\NLR\BIBL_A\012117522 _12001#$aПриемопередающие устройства$eучебное пособие$e[для магистров и специалистов радиотехнических специальностей, обучающихся по направлению 11.04.01, 11.05.01 "Радиотехника", 11.04.02, 11.05.02 "Инфокоммуникационные технологии и системы связи"]$fВ.А. Галкин$gМинистерство науки и высшего образования Российской Федерации, Национальный исследовательский университет "МИЭТ"$vЧ. 1 _1700#1$aГалкин$bВ. А.$gВячеслав Александрович _911975595 _aГалкин, В. А. _cМосква _d2019 _fВ.А. Галкин _nМИЭТ _oучебное пособие : [для магистров и специалистов радиотехнических специальностей, обучающихся по направлению 11.04.01, 11.05.01 "Радиотехника", 11.04.02, 11.05.02 "Инфокоммуникационные технологии и системы связи"] _tПриемопередающие устройства _vЧ. 1 |
|
| 606 | 1 |
_aАналого-цифровые преобразователи _jУчебные издания для высших учебных заведений _92204762 _3RU\NLR\AUTH\661324690 |
|
| 686 | 1 | _aЗ973.3-044.42я73-1 | |
| 942 | _cBOOK | ||
| 980 | _aNBR | ||
| 980 | _aNB | ||